| 000 | 01207cad a22002055a 4500 | ||
|---|---|---|---|
| 001 | E149054 | ||
| 008 | 091217s2009 xxk f 000 0 eng d | ||
| 035 | _a(Sirsi) u149054 | ||
| 041 | 0 | _aeng | |
| 110 | 2 |
_aIPD Occupiers _95090 |
|
| 245 | 0 | 0 |
_aIPD cost code _bmeasuring the cost performance of buildings _h[electronic resource] |
| 260 |
_aLondon _bIPD _c2009 |
||
| 505 | 2 | _aIntroduction -- Terms and principles -- Cost measures -- Ratios and worked example -- Applying the code -- Cost optimisation -- References -- Appendices | |
| 520 | _aProvides an industry standard approach to the collection and analysis of corporate occupancy costs. Gives advice on occupancy costs and the communication of the findings to others in the business. Contains case studies to illustrate how the Code has been used to better measure and manage the costs associated with running large corporate estates. | ||
| 590 | _aKA | ||
| 651 | 4 | _aInternational | |
| 690 | _aPROPERTY-COMMERCIAL PROPERTY-COMMERCIAL PROPERTY MANAGEMENT-COMMERCIAL PROPERTY OCCUPANCY COSTS | ||
| 856 | 4 | 0 |
_uhttps://www.ipdoccupiers.com/Default.aspx?TabId=1381 _zView the item free of charge after registration at www.ipdoccupiers.com... |
| 942 | _n0 | ||
| 999 |
_c110351 _d110351 |
||